Segundo encuentro computación en la educación
Salvato in:
| Natura: | Libro |
|---|---|
| Lingua: | spagnolo |
| Pubblicazione: |
Santiago
Instituto Profesional de Providencia
1985
|
| Soggetti: | |
| Tags: |
Aggiungi Tag
Nessun Tag, puoi essere il primo ad aggiungerne!!
|
MARC
| LEADER | 00000nam a2200000 a 4500 | ||
|---|---|---|---|
| 001 | UCY0202 | ||
| 003 | CL-VaPUC | ||
| 005 | 20220315074410.0 | ||
| 008 | 940718e19850000cl 1 spa d | ||
| 082 | 0 | 4 | |a 371.334 |b SEG |2 21 |
| 245 | 1 | 0 | |a Segundo encuentro computación en la educación |
| 260 | |a Santiago |b Instituto Profesional de Providencia |c 1985 | ||
| 583 | |a last modification |c 19940718 00:00:00 |k Rodrigo Vera | ||
| 650 | 0 | 7 | |a ENSEÑANZA CON AYUDA DE COMPUTADORES |2 CL-VaPUC |9 262450 |
| 650 | 0 | 0 | |a Congresos |9 257560 |
| 942 | |c BK | ||
| 945 | |a rbrito |d 19940718 00:00:00 | ||
| 546 | |a En Español | ||
| 518 | |p Encuentro Computación en la Educación, 2, Santiago, 1985 | ||
| 999 | |c 382238 |d 382236 | ||
| 952 | |0 0 |1 0 |4 0 |6 371_334000000000000_SEG_1985 |7 0 |8 P |9 503813 |a BIBEDU |b BIBEDU |c BIBEDU_PB |d 2020-01-23 |i 2989859 |o 371.334 SEG 1985 |p 2989859 |r 2024-01-25 |w 2020-01-23 |y BK |k EDU | ||